[Event "Berlin Neukoelln op 7th"]
[Site "Berlin"]
[Date "2001.05.25"]
[Round "3"]
[White "Heyne, Klaus"]
[Black "Hanno, Rolf"]
[Result "0-1"]
[WhiteElo "1267"]
[BlackElo "1561"]
[PlyCount "60"]
[EventDate "2001.05.11"]
[EventType "swiss"]
[EventRounds "7"]
[EventCountry "GER"]
[SourceTitle "EXT 2022"]
[Source "ChessBase"]
[SourceDate "2021.10.06"]
[SourceVersion "1"]
[SourceVersionDate "2021.10.06"]
[SourceQuality "1"]

1. c4 c5 2. Nc3 Nc6 3. g3 g6 4. Bg2 Bg7 5. Nf3 e6 6. 0-0 Nge7 7. e4 0-0 8. d3 a6 9. Be3 d6 10. Rc1 Rb8 11. b3 b5 12. cxb5 axb5 13. Qd2 b4 14. Na4 e5 15. Bh6 Bg4 16. Bxg7 Kxg7 17. Nh4 Nd4 18. f3 Bd7 19. Bh1 Bxa4 20. bxa4 Ra8 21. Ng2 Rxa4 22. Ne3 Qa8 23. Ng4 Ng8 24. Ra1 Qa6 25. f4 exf4 26. gxf4 Ra3 27. f5 Qxd3 28. f6+ Kh8 29. Qf2 Ne2+ 30. Kg2 Qxe4+ 0-1

[Event "Berlin Neukoelln op 7th"]
[Site "Berlin"]
[Date "2001.05.18"]
[Round "2"]
[White "Hanno, Rolf"]
[Black "Stojanovski, Dusko"]
[Result "0-1"]
[WhiteElo "1561"]
[BlackElo "1782"]
[PlyCount "120"]
[EventDate "2001.05.11"]
[EventType "swiss"]
[EventRounds "7"]
[EventCountry "GER"]
[SourceTitle "EXT 2022"]
[Source "ChessBase"]
[SourceDate "2021.10.06"]
[SourceVersion "1"]
[SourceVersionDate "2021.10.06"]
[SourceQuality "1"]

1. d4 d5 2. c4 e6 3. Nc3 Nf6 4. Bg5 Bb4 5. Rc1 0-0 6. e3 c6 7. Nf3 Nbd7 8. a3 Bxc3+ 9. Rxc3 Qa5 10. b4 Qc7 11. Bf4 Qd8 12. Qc2 Ne4 13. Rb3 b6 14. Bd3 f5 15. Ne5 Nxe5 16. Bxe5 Qg5 17. 0-0 Bb7 18. c5 b5 19. Be2 a5 20. Rbb1 axb4 21. axb4 Ra4 22. Qb2 Rfa8 23. Ra1 Qd8 24. f3 Nf6 25. Rxa4 Rxa4 26. Ra1 Qa8 27. Rxa4 Qxa4 28. Kf2 Nd7 29. Bd6 Kf7 30. g4 fxg4 31. fxg4 Nf6 32. Bf3 h6 33. h4 g5 34. h5 Ne4+ 35. Bxe4 dxe4 36. Qb1 Qa8 37. Qxe4 Qg8 38. Qf3+ Ke8 39. Ke2 Qf7 40. Qe4 Bc8 41. Qxc6+ Qd7 42. Qe4 Bb7 43. Qe5 Qf7 44. e4 Kd7 45. d5 exd5 46. exd5 Bxd5 47. Ke3 Qf3+ 48. Kd2 Qf2+ 49. Qe2 Qd4+ 50. Kc2 Be4+ 51. Kb3 Kc6 52. Bf8 Bd5+ 53. Kc2 Be4+ 54. Kb3 Qd5+ 55. Kc3 Qe5+ 56. Kd2 Qf4+ 57. Kc3 Qe5+ 58. Kd2 Qd4+ 59. Kc1 Qc3+ 60. Kd1 Bf3 0-1

[Event "Berlin Neukoelln op 7th"]
[Site "Berlin"]
[Date "2001.05.11"]
[Round "1"]
[White "Nuristani, Akbar"]
[Black "Hanno, Rolf"]
[Result "1-0"]
[WhiteElo "2003"]
[BlackElo "1561"]
[PlyCount "51"]
[EventDate "2001.05.11"]
[EventType "swiss"]
[EventRounds "7"]
[EventCountry "GER"]
[SourceTitle "EXT 2022"]
[Source "ChessBase"]
[SourceDate "2021.10.06"]
[SourceVersion "1"]
[SourceVersionDate "2021.10.06"]
[SourceQuality "1"]

1. e4 c5 2. Nf3 d6 3. d4 cxd4 4. Nxd4 Nc6 5. Nc3 g6 6. Be3 Bg7 7. Be2 Bd7 8. g4 a6 9. h4 e6 10. Qd2 Nge7 11. h5 Qc7 12. h6 Bxd4 13. Bxd4 Nxd4 14. Qxd4 0-0-0 15. 0-0-0 Bc6 16. Qf6 d5 17. f3 Rhf8 18. Kb1 b5 19. a3 e5 20. exd5 Nxd5 21. Nxd5 Rxd5 22. Rxd5 Bxd5 23. Qxa6+ Qb7 24. Qd6 Rd8 25. Qxe5 Bxf3 26. Qc3+ 1-0